Catálogo

INVENTARIO DE INTERESES (Registro nro. 2109)

Detalles MARC
000 -LEADER
fixed length control field 00456nam a2200157 a 4500
001 - CONTROL NUMBER
control field 2109
005 - DATE AND TIME OF LATEST TRANSACTION
control field 20180713182121.0
008 - FIXED-LENGTH DATA ELEMENTS--GENERAL INFORMATION
fixed length control field 140415s1984 mx 000 0 spa d
041 ## - LANGUAGE CODE
Language code of text/sound track or separate title spa
082 ## - DEWEY DECIMAL CLASSIFICATION NUMBER
Classification number 378.194
Item number ANG
100 1# - MAIN ENTRY--PERSONAL NAME
Personal name ANGELINI ARRIGO, LEONARDO
245 10 - TITLE STATEMENT
Title INVENTARIO DE INTERESES
260 ## - PUBLICATION, DISTRIBUTION, ETC.
Place of publication, distribution, etc. MEXICO :
Name of publisher, distributor, etc. TRILLAS,
Date of publication, distribution, etc. 1984
300 ## - PHYSICAL DESCRIPTION
Extent 164
650 14 - SUBJECT ADDED ENTRY--TOPICAL TERM
Topical term or geographic name entry element ORIENTACION ESTUDIANTIL
General subdivision ORIENTACION PROFESIONAL
-- PRUEBAS DE INTELIGENCIA
Existencias
Withdrawn status Lost status Source of classification or shelving scheme Damaged status Not for loan Collection code Home library Current library Shelving location Date acquired Source of acquisition Inventory number Total Checkouts Full call number Barcode Date last seen Price effective from Koha item type
    Dewey Decimal Classification     General Biblioteca Karol Wojtyla Biblioteca Karol Wojtyla Sala general 03/12/2013 Compra 151000000000000000045317   378.194 ANG 12747 05/01/2026 03/12/2013 Libro